Bornes - Statistiques

Statistiques générales
  • Ce quiz a été pris 24 fois
  • Le résultat moyen est 10 sur 50
Statistiques - réponses
Par images Réponse % Correct
France
90%
Islande
50%
Danemark
40%
Espagne
40%
Irlande
40%
Japon
40%
Slovaquie
40%
Suede
40%
Tchéquie
40%
Andorre
30%
Belgique
30%
Estonie
30%
Nouvelle Zélande
30%
Pologne
30%
Slovenie
30%
Sri Lanka
30%
Australie
20%
Croatie
20%
Grece
20%
Italie
20%
Lettonie
20%
Luxembourg
20%
Montenegro
20%
Suisse
20%
Turquie
20%
Albanie
10%
Cambodge
10%
Etats-Unis
10%
Finlande
10%
Hongrie
10%
Iles féroé
10%
Lituanie
10%
Macédoine du Nord
10%
Mexique
10%
Mongolie
10%
Pays-Bas
10%
Pérou
10%
Portugal
10%
Royaume-Uni
10%
Russie
10%
Serbie
10%
Uruguay
10%
Allemagne
0%
Corée du Sud
0%
Ile de Man
0%
Indonésie
0%
Israel
0%
Kirghizistan
0%
Norvege
0%
Ukraine
0%
Aucun quiz correspondant
Distribution des résultats
% des personnes avec chaque résultat
Percentile par nombre de réponses
Votre historique - résultats
Vous n’avez pas pris ce quiz